[Event "Graz Casino Open 2014"]
[Site "Graz AUT"]
[Date "2014.02.15"]
[Round "2.20"]
[White "Stagl, Marco"]
[Black "Perdomo Araujo, Angel Eduardo"]
[Result "1/2-1/2"]
[WhiteElo "2155"]
[BlackElo "2010"]
[WhiteFideId "1604724"]
[BlackFideId "3902528"]
[EventDate "2014.02.14"]

1. d4 d5 2. Nf3 e6 3. g3 Be7 4. Bg2 Nf6 5. O-O O-O 6. c4 dxc4 7. Qc2 c5 8. Rd1
Nc6 9. dxc5 Qa5 10. Qxc4 Qxc5 11. Na3 Bd7 12. Bf4 Rac8 13. Rac1 Nb4 14. Qxc5
Rxc5 15. Rxc5 Bxc5 16. Ne5 Bc8 17. Nac4 Nxa2 18. Nd3 Be7 19. Ra1 Nb4 20. Nxb4
Bxb4 21. Rxa7 Bc5 22. Ra8 b5 23. Ne5 h6 24. Bc6 g5 25. Bd2 Bd6 26. Bc3 Nd5 27.
Bd4 b4 28. Nd3 Ne7 29. Bg2 Bd7 30. Ra7 Bc6 31. Bc5 Bxc5 32. Nxc5 Bxg2 33. Kxg2
Nc6 34. Rc7 Nd4 35. e3 Nf5 36. Rb7 Rc8 37. Nd3 Rc2 38. e4 Ne3+ 39. Kf3 Nf1 40.
h4 gxh4 41. gxh4 Nd2+ 42. Ke3 Nc4+ 43. Kf3 Nxb2 44. Nxb4 Rc3+ 45. Kf4 Rb3 46.
Rb8+ Kg7 47. Nc6 Rxb8 48. Nxb8 Nd3+ 49. Kg3 Kg6 50. Nc6 h5 51. f4 Kf6 52. Nd8 1/2-1/2

[Event "Graz Casino Open 2014"]
[Site "Graz AUT"]
[Date "2014.02.15"]
[Round "2.21"]
[White "Deutschmann, Robert Peter"]
[Black "Goessler, Markus"]
[Result "0-1"]
[WhiteElo "2014"]
[BlackElo "2154"]
[WhiteFideId "1609785"]
[BlackFideId "1633260"]
[EventDate "2014.02.14"]

1. d4 Nf6 2. Nf3 e6 3. c4 b6 4. a3 Bb7 5. Nc3 d5 6. Qc2 dxc4 7. e4 c5 8. dxc5
Bxc5 9. Bxc4 Nbd7 10. Bg5 Be7 11. Rd1 a6 12. Nd4 O-O 13. Nxe6 fxe6 14. Bxe6+ Kh8
15. e5 Qe8 16. Qe2 Nxe5 17. Qxe5 Bc5 18. O-O Ng4 19. Qc7 Nxf2 20. Rde1 Nd3+ 21.
Kh1 Nxe1 22. Rxe1 Qxe6 23. Rd1 Qg4 24. Qxb7 Qxd1+ 0-1

[Event "Graz Casino Open 2014"]
[Site "Graz AUT"]
[Date "2014.02.15"]
[Round "2.22"]
[White "Weinberger, Simon"]
[Black "Hatzl, Johannes"]
[Result "1-0"]
[WhiteElo "2008"]
[BlackElo "2141"]
[WhiteFideId "1618202"]
[BlackFideId "1610600"]
[EventDate "2014.02.14"]

1. e4 c5 2. c4 Nc6 3. Ne2 g6 4. d4 cxd4 5. Nxd4 Bg7 6. Nxc6 bxc6 7. Nc3 d6 8.
Be2 Nf6 9. O-O O-O 10. Qc2 Qc7 11. f4 Qb6+ 12. Kh1 e5 13. fxe5 dxe5 14. Bg5 Nd7
15. b3 f6 16. Na4 Qc7 17. Bh4 Nb6 18. Nc3 Be6 19. Rad1 Rad8 20. Rxd8 Qxd8 21.
Rd1 Qe7 22. Qd3 Nc8 23. Na4 Rf7 24. Bf2 f5 25. Qd8+ Qxd8 26. Rxd8+ Rf8 27. Rxf8+
Kxf8 28. Nc5 Bf7 29. Bf3 f4 30. Bg4 Nb6 31. Nd7+ Ke7 32. Nxb6 axb6 33. Bxb6 h5
34. Bc8 Be6 35. Bxe6 Kxe6 36. Bc5 Kd7 37. Kg1 g5 38. Kf2 g4 39. a4 Bf6 40. a5
Bh4+ 41. Ke2 Kc7 42. b4 Bf6 43. a6 h4 44. b5 cxb5 45. cxb5 Bg7 46. b6+ Kc6 47.
b7 Kc7 48. Bd6+ 1-0

[Event "Graz Casino Open 2014"]
[Site "Graz AUT"]
[Date "2014.02.15"]
[Round "2.23"]
[White "Wegerer, Fred"]
[Black "Kersten, Julian"]
[Result "1-0"]
[WhiteTitle "FM"]
[WhiteElo "2140"]
[BlackElo "1982"]
[WhiteFideId "1601113"]
[BlackFideId "1628542"]
[EventDate "2014.02.14"]

1. g3 f5 2. c4 Nf6 3. Nc3 d6 4. Bg2 e5 5. d4 exd4 6. Qxd4 Nc6 7. Qd1 Be7 8. Nh3
O-O 9. Nf4 Qe8 10. O-O Bd7 11. b3 a6 12. Bb2 Rb8 13. Ncd5 Bd8 14. Nxf6+ Bxf6 15.
Bxf6 Rxf6 16. Nd5 Rh6 17. Nxc7 Qh5 18. h3 Ne5 19. e3 Qg6 20. Nd5 Kh8 21. Rc1 Rf8
22. Qd4 Qh5 23. Qd1 Qg6 24. Qe2 Nf7 25. Rfd1 Ng5 26. Nf4 Qf6 27. c5 Nf7 28. cxd6
Nxd6 29. Rc7 Bb5 30. Qc2 Bc6 31. Bxc6 bxc6 32. Rxc6 Rd8 33. Rcxd6 1-0

[Event "Graz Casino Open 2014"]
[Site "Graz AUT"]
[Date "2014.02.15"]
[Round "2.24"]
[White "Guo, Emma"]
[Black "Loebler, Heimo"]
[Result "0-1"]
[WhiteTitle "WIM"]
[WhiteElo "1997"]
[BlackElo "2130"]
[WhiteFideId "3200795"]
[BlackFideId "1603035"]
[EventDate "2014.02.14"]

1. d4 Nf6 2. Nf3 g6 3. c4 Bg7 4. g3 O-O 5. Bg2 d6 6. O-O Nc6 7. Nc3 a6 8. d5 Na5
9. Nd2 c5 10. Rb1 Bd7 11. b3 b5 12. Bb2 Rb8 13. Qc2 Qc7 14. h3 bxc4 15. bxc4 Rb4
16. a3 Rb7 17. e4 Rfb8 18. Rfe1 Ne8 19. Bf1 Qc8 20. Kh2 Nb3 21. Nxb3 Rxb3 22.
Ba1 R3b7 23. Rxb7 Rxb7 24. Rb1 Bd4 25. Rxb7 Qxb7 26. Bb2 Nf6 27. Bg2 h5 28. Nd1
Qb6 29. Bc3 h4 30. Nb2 hxg3+ 31. fxg3 Be8 32. Nd3 Nd7 33. Bf3 Ne5 34. Nxe5 dxe5
35. Bg4 Ba4 36. Qxa4 Bxc3 37. Qc2 Bd4 38. h4 Qa5 39. Qd3 Qe1 40. Bf3 Qf2+ 41.
Bg2 Qa2 42. Kh3 a5 43. Bf3 Kg7 44. Bd1 Qf2 45. Qe2 Qg1 46. a4 f5 47. Bc2 Qh1+
48. Qh2 Qf3 49. exf5 gxf5 50. Qg2 Qg4+ 51. Kh2 e4 52. Qd2 e3 53. Qe1 f4 54. gxf4
e2 55. f5 Qg1+ 0-1

[Event "Graz Casino Open 2014"]
[Site "Graz AUT"]
[Date "2014.02.15"]
[Round "2.25"]
[White "Scholzen, Wolfgang"]
[Black "Hoebarth, Guenter"]
[Result "1-0"]
[WhiteElo "2127"]
[BlackElo "1950"]
[WhiteFideId "24637629"]
[BlackFideId "1610198"]
[EventDate "2014.02.14"]

1. d4 d6 2. Nf3 Bg4 3. c4 Nf6 4. Nc3 c6 5. Bg5 e6 6. e3 Be7 7. Be2 Nbd7 8. O-O
h6 9. Bh4 O-O 10. Qc2 Rc8 11. h3 Bh5 12. Bd3 Bxf3 13. gxf3 Nd5 14. Bxe7 Nxe7 15.
Kh2 f5 16. Rg1 d5 17. Rg2 Nf6 18. Rag1 Rf7 19. c5 Kh8 20. Ne2 Qc7+ 21. f4 g5 22.
Kh1 g4 23. hxg4 Nxg4 24. Ng3 Ng6 25. Nxf5 h5 26. Nd6 Nxf4 27. exf4 Rxf4 28. Nxc8
Rf3 29. Rxg4 Rh3+ 30. Kg2 Qh2+ 31. Kf1 hxg4 32. Qe2 Rf3 33. Nd6 Qh3+ 34. Ke1 Qh6
35. Qxf3 1-0

[Event "Graz Casino Open 2014"]
[Site "Graz AUT"]
[Date "2014.02.15"]
[Round "2.26"]
[White "Gaal, Alexander"]
[Black "Wieser, Andreas1"]
[Result "0-1"]
[WhiteElo "1962"]
[BlackElo "2107"]
[WhiteFideId "1639374"]
[BlackFideId "1612174"]
[EventDate "2014.02.14"]

1. e4 c6 2. d4 d5 3. exd5 cxd5 4. Bd3 Nf6 5. h3 Nc6 6. c3 e6 7. Bg5 Bd6 8. Qf3
O-O 9. Nd2 e5 10. Bxf6 Qxf6 11. Qxf6 gxf6 12. dxe5 fxe5 13. O-O-O Be6 14. Kb1 e4
15. Bc2 Be5 16. Ne2 b5 17. Nb3 b4 18. cxb4 Nxb4 19. a3 Nxc2 20. Kxc2 Rab8 21.
Nbd4 Rfc8+ 22. Kb1 Rc4 23. Rd2 Rbc8 24. b3 R4c5 25. Ka2 a5 26. Kb2 a4 27. b4 Rc4
28. Rhd1 Kf8 29. Ka2 Ke7 30. Rb2 Bd7 31. Rdd2 f5 32. g3 Kd6 33. Kb1 Bxd4 34.
Nxd4 Ke5 35. Ne2 d4 36. Nf4 Rc1+ 37. Ka2 Be8 38. Rb1 Bf7+ 39. Kb2 R1c3 40. Ne2
Rb3+ 41. Ka2 Rd3+ 0-1

[Event "Graz Casino Open 2014"]
[Site "Graz AUT"]
[Date "2014.02.15"]
[Round "2.28"]
[White "Luu, Duc Hai"]
[Black "Dimitriadis, Michael"]
[Result "1/2-1/2"]
[WhiteElo "1927"]
[BlackElo "2094"]
[WhiteFideId "12412228"]
[BlackFideId "1614908"]
[EventDate "2014.02.14"]

1. d4 Nf6 2. c4 g6 3. Nc3 d5 4. Nf3 Bg7 5. e3 O-O 6. Qc2 c6 7. Bd2 Nbd7 8. h3
Re8 9. Ne5 dxc4 10. Bxc4 Nxe5 11. dxe5 Nd5 12. f4 Be6 13. Ne2 Nc7 14. Bd3 f6 15.
Nd4 Bf7 16. Nf3 Qd7 17. f5 fxe5 18. fxg6 Bxg6 19. Bxg6 hxg6 20. Qxg6 Qe6 21. Qg3
Nd5 22. O-O Rf8 23. Nh4 Rxf1+ 24. Rxf1 Rf8 25. e4 Nf4 26. Kh1 Rf6 27. Qg5 Nxh3
28. Rxf6 Nxg5 29. Rxe6 Nxe6 30. Nf5 Kf7 31. Be3 c5 32. g4 Bf6 33. Kg2 Bg5 34.
Bf2 b5 35. b3 c4 36. bxc4 bxc4 37. Bxa7 c3 38. Ne3 Nd4 39. Kf2 Ke6 40. Bc5 c2
41. Ba3 Kd7 42. Bc1 Bh4+ 43. Kf1 e6 44. Nc4 Bg3 45. Nb2 Ke7 46. Nd3 Kf6 47. Be3
Bh4 48. a4 Bg5 49. Bxd4 exd4 50. a5 Bf4 51. a6 Bb8 52. Ke2 Kg5 53. Kd2 Kxg4 54.
Kxc2 Kf3 55. e5 Ba7 56. Nb4 Ke2 57. Nd3 Ke3 58. Nb4 Ke2 59. Nd3 Ke3 60. Nb4 1/2-1/2

[Event "Graz Casino Open 2014"]
[Site "Graz AUT"]
[Date "2014.02.15"]
[Round "2.29"]
[White "von Lossow, Marcus"]
[Black "Jakits, Leopold"]
[Result "0-1"]
[WhiteElo "1803"]
[BlackElo "2061"]
[WhiteFideId "12942090"]
[BlackFideId "1616862"]
[EventDate "2014.02.14"]

1. e4 c6 2. d4 d5 3. f3 g6 4. Nc3 Bg7 5. Be3 h5 6. e5 Nh6 7. f4 O-O 8. Qd2 Qa5
9. Bd3 Na6 10. h3 Nb4 11. Nge2 b5 12. O-O Nxd3 13. Qxd3 b4 14. Nd1 Qb6 15. Ng3
Ba6 16. Qd2 Bxf1 17. f5 Bxg2 18. Bxh6 Bxh3 19. Nxh5 Bxe5 20. Qg5 Qxd4+ 21. Ne3
Bxf5 22. Rf1 Bf6 23. Nxf6+ Qxf6 24. Qg3 e6 25. Rf2 Qxb2 26. Rh2 Qa1+ 27. Nf1
Qd4+ 28. Ne3 Qa1+ 29. Nf1 Qd4+ 30. Ne3 b3 31. axb3 a5 32. Bf4 Qg7 33. Bh6 Qa1+
34. Nf1 a4 35. Bf4 Qg7 36. Bh6 Qd4+ 37. Be3 Qg4 38. Bd4 Qxd4+ 39. Ne3 axb3 40.
Qg5 Ra1+ 41. Kf2 Qd2+ 42. Kg3 Rg1+ 0-1

[Event "Graz Casino Open 2014"]
[Site "Graz AUT"]
[Date "2014.02.15"]
[Round "2.30"]
[White "Szonyi, Bence"]
[Black "Hapala, Lisa"]
[Result "0-1"]
[WhiteElo "1699"]
[BlackElo "2054"]
[WhiteFideId "769304"]
[BlackFideId "1622080"]
[EventDate "2014.02.14"]

1. e4 c5 2. c3 Nf6 3. e5 Nd5 4. d4 cxd4 5. Nf3 e6 6. Qxd4 Qc7 7. Bd3 Nc6 8. Qc4
Nxe5 9. Nxe5 Qxe5+ 10. Be2 Bd6 11. g3 b6 12. O-O Qf6 13. Nd2 Qd8 14. Qg4 O-O 15.
Nc4 f5 16. Qh5 Be7 17. Bf3 Bb7 18. Bxd5 Bxd5 19. Ne3 Bb7 20. Bd2 Qc7 21. Ng2 Qc6
22. f3 Bc5+ 23. Kh1 Ba6 24. Rfc1 g6 25. Qh3 Qxf3 26. b4 Be7 27. Bh6 Rf7 28. Kg1
Bf6 29. Nh4 Bxh4 30. Qxh4 Bb7 31. Qh3 f4 32. Rf1 Qh1+ 33. Kf2 fxg3+ 34. Kxg3
Rf3+ 35. Rxf3 Qxf3+ 36. Kh4 Qh5+ 37. Kg3 Qe5+ 38. Kf2 Rc8 39. Rc1 Rc4 40. Qg3
Qf5+ 41. Ke1 Re4+ 42. Kd2 Qd5+ 43. Qd3 Rh4 44. Qxd5 Bxd5 45. Be3 Rxh2+ 46. Kd3
Rxa2 47. c4 Ra3+ 48. Kd2 Be4 49. c5 b5 50. Rf1 h5 51. Rf4 Rd3+ 52. Ke2 Bf5 53.
Rf1 Ra3 54. Kf2 e5 55. Rd1 h4 56. Rd6 h3 57. Rd1 Rb3 58. Bd2 Be4 0-1

[Event "Graz Casino Open 2014"]
[Site "Graz AUT"]
[Date "2014.02.15"]
[Round "2.31"]
[White "Aravindh, Chithambaram VR."]
[Black "Zimmermann, Heinz"]
[Result "1-0"]
[WhiteTitle "FM"]
[WhiteElo "2381"]
[BlackElo "2177"]
[WhiteFideId "5072786"]
[BlackFideId "1600559"]
[EventDate "2014.02.14"]

1. e4 c5 2. Nf3 a6 3. c3 Nf6 4. e5 Nd5 5. d4 cxd4 6. Qxd4 e6 7. Bc4 Nc6 8. Qe4
d6 9. O-O dxe5 10. Nxe5 Nxe5 11. Qxe5 Qd6 12. Qxd6 Bxd6 13. Rd1 Bf4 14. Bxd5
Bxc1 15. Bxb7 Bxb2 16. Bxa8 Bxa1 17. Nd2 Bb2 18. Nc4 Bxc3 19. Nb6 1-0

[Event "Graz Casino Open 2014"]
[Site "Graz AUT"]
[Date "2014.02.15"]
[Round "2.32"]
[White "Li, Chao b"]
[Black "Lei, Tingjie"]
[Result "1/2-1/2"]
[WhiteTitle "GM"]
[WhiteElo "2697"]
[BlackElo "2346"]
[WhiteFideId "8604436"]
[BlackFideId "8605114"]
[EventDate "2014.02.14"]

1. b3 Nf6 2. Bb2 e6 3. g3 d5 4. Bg2 Be7 5. Nf3 O-O 6. O-O c5 7. c4 Nc6 8. e3 b6
9. Nc3 Ba6 10. d3 Rc8 11. Qe2 Qd7 12. Rfd1 Rfd8 13. Qf1 Qe8 14. Ne2 b5 15. cxd5
Nxd5 16. e4 Ndb4 17. d4 c4 18. Ne1 Bf6 19. e5 Be7 20. Nf4 Na5 21. Bc3 Bb7 22.
Bxb7 Nxb7 23. a3 Nc2 24. Nxc2 cxb3 25. Nb4 Rxc3 26. d5 exd5 27. Nbxd5 Rc5 28.
Rab1 Bg5 29. Qg2 Na5 30. Qe4 Bxf4 31. gxf4 Kh8 32. Rd3 h6 33. Rbd1 Rdc8 34. Qb4
Rc1 35. Rxc1 Rxc1+ 36. Kg2 Qc8 37. f5 Nc4 38. Qe7 b2 39. Nf6 Ne3+ 40. fxe3 gxf6
41. Qxf6+ Kg8 42. Rd8+ Qxd8 43. Qxd8+ Kh7 44. Qd7 b1=Q 45. Qxf7+ Kh8 1/2-1/2

[Event "Graz Casino Open 2014"]
[Site "Graz AUT"]
[Date "2014.02.16"]
[Round "3.1"]
[White "Istratescu, Andrei"]
[Black "Can, Emre"]
[Result "1/2-1/2"]
[WhiteTitle "GM"]
[BlackTitle "GM"]
[WhiteElo "2671"]
[BlackElo "2520"]
[WhiteFideId "1200372"]
[BlackFideId "6302181"]
[EventDate "2014.02.14"]

1. d4 Nf6 2. Nf3 g6 3. c4 Bg7 4. Nc3 O-O 5. e4 d6 6. h3 e5 7. d5 Nh5 8. Nd2 Qe8
9. g3 f5 10. Be2 Nf6 11. g4 Na6 12. Nf1 Nxe4 13. Nxe4 fxe4 14. Ng3 Nc5 15. Be3
b6 16. b4 Nd3+ 17. Bxd3 exd3 18. Ne4 b5 19. c5 a5 20. cxd6 cxd6 21. Qxd3 axb4
22. Rc1 Qf7 23. O-O Ra3 24. Qd2 Qf3 25. Ng5 Qf6 26. Rc7 h6 27. Ne4 Qh4 28. Rfc1
Qxh3 29. Rxg7+ Kxg7 30. Bxh6+ Kg8 31. Bxf8 Qxg4+ 32. Kf1 Qh3+ 33. Kg1 Qg4+ 34.
Kf1 Qh3+ 1/2-1/2

[Event "Graz Casino Open 2014"]
[Site "Graz AUT"]
[Date "2014.02.16"]
[Round "3.2"]
[White "Santiago, Yago De Moura"]
[Black "Ragger, Markus"]
[Result "0-1"]
[WhiteTitle "IM"]
[BlackTitle "GM"]
[WhiteElo "2451"]
[BlackElo "2646"]
[WhiteFideId "2103877"]
[BlackFideId "1610856"]
[EventDate "2014.02.14"]

1. d4 Nf6 2. c4 g6 3. f3 d5 4. cxd5 Nxd5 5. e4 Nb6 6. Nc3 Bg7 7. Be3 O-O 8. Qd2
Nc6 9. O-O-O Qd6 10. h4 Rd8 11. Nb5 Qd7 12. h5 a6 13. Nc3 Bxd4 14. hxg6 fxg6 15.
Bxd4 Qxd4 16. Qf4 Qf6 17. Rxd8+ Nxd8 18. Qh2 h5 19. Qxc7 Bd7 20. Nge2 Rc8 21.
Qg3 Na4 22. Kb1 Qb6 23. Nxa4 Bxa4 24. Qe5 Qe3 25. b3 Bb5 26. Qd5+ e6 27. Qd1
Bd3+ 0-1

[Event "Graz Casino Open 2014"]
[Site "Graz AUT"]
[Date "2014.02.16"]
[Round "3.4"]
[White "Handler, Lukas"]
[Black "Melkumyan, Hrant"]
[Result "0-1"]
[WhiteTitle "FM"]
[BlackTitle "GM"]
[WhiteElo "2398"]
[BlackElo "2589"]
[WhiteFideId "1609580"]
[BlackFideId "13302485"]
[EventDate "2014.02.14"]

1. Nf3 c5 2. c4 Nc6 3. d4 cxd4 4. Nxd4 Nf6 5. Nc3 e6 6. Ndb5 d5 7. cxd5 Nxd5 8.
Nxd5 exd5 9. e3 Be7 10. Bd2 a6 11. Nd4 Nxd4 12. exd4 Qb6 13. Bc3 Qg6 14. Qf3 Bg4
15. Qe3 O-O 16. Bd3 f5 17. O-O Bd6 18. f4 Rae8 19. Qf2 Qh6 20. Rae1 Bh5 21. Rxe8
Bxe8 22. Qf3 Bc6 23. g3 Qf6 24. Re1 h6 25. a3 Kh8 26. Bc2 Bc7 27. Re3 Bd6 28.
Qe2 Bd7 29. Bb3 g5 30. Bxd5 gxf4 31. Rf3 fxg3 32. hxg3 Kh7 33. Bb3 Qg6 34. Bb4
Re8 35. Qf2 Bb8 36. Bc2 Kg8 37. d5 Qg4 38. d6 Ba7 39. Qxa7 Qxf3 40. Qf2 Qxf2+
41. Kxf2 Kf7 42. Kf3 h5 43. Kf4 Kg6 44. Bd3 Rc8 45. Ke5 Rc1 46. Kf4 Rd1 47. Be2
Rd4+ 48. Ke3 Re4+ 49. Kf2 Re8 50. Bc5 Rc8 51. b4 Rh8 52. Bb6 Bc6 53. Bd3 h4 54.
gxh4 Rxh4 55. Be2 Rh2+ 56. Kf1 Rh1+ 57. Bg1 Kf6 0-1

[Event "Graz Casino Open 2014"]
[Site "Graz AUT"]
[Date "2014.02.16"]
[Round "3.5"]
[White "Kozul, Zdenko"]
[Black "Ankit, R. Rajpara"]
[Result "1/2-1/2"]
[WhiteTitle "GM"]
[BlackTitle "IM"]
[WhiteElo "2588"]
[BlackElo "2455"]
[WhiteFideId "14502879"]
[BlackFideId "5023335"]
[EventDate "2014.02.14"]

1. d4 d5 2. c4 c6 3. Nc3 Nf6 4. e3 e6 5. Nf3 Nbd7 6. Bd3 dxc4 7. Bxc4 b5 8. Bd3
Bd6 9. b3 Bb7 10. Bb2 O-O 11. a3 a6 12. b4 a5 13. bxa5 Rxa5 14. O-O Qe7 15. Qc2
Rfa8 16. e4 e5 17. dxe5 Nxe5 18. Nxe5 Bxe5 19. h3 Nd7 20. f4 Bd4+ 21. Kh2 Nc5
22. Rad1 Nxd3 23. Rxd3 c5 24. Rg3 Qe6 25. Qd2 f6 26. Re1 Bc6 27. Bc1 R5a7 28. f5
Qc4 29. e5 Bxe5 30. Rxe5 fxe5 31. Qd6 Bxg2 32. Rxg2 Qxc3 33. Qd5+ Kh8 34. f6 Rg8
35. Bb2 Qe3 36. fxg7+ Raxg7 37. Bxe5 h6 38. Qe6 Qf4+ 39. Kg1 Qc1+ 40. Kh2 Qf4+
41. Kg1 Qc1+ 42. Kh2 Qf4+ 1/2-1/2

[Event "Graz Casino Open 2014"]
[Site "Graz AUT"]
[Date "2014.02.16"]
[Round "3.6"]
[White "Freitag, Manfred"]
[Black "Bachmann, Axel"]
[Result "1-0"]
[WhiteTitle "IM"]
[BlackTitle "GM"]
[WhiteElo "2395"]
[BlackElo "2577"]
[WhiteFideId "1602004"]
[BlackFideId "3700488"]
[EventDate "2014.02.14"]

1. d4 Nf6 2. c4 e6 3. Nc3 Bb4 4. Qc2 d6 5. Bd2 c5 6. dxc5 dxc5 7. Nf3 Nc6 8. Rd1
Qe7 9. e3 O-O 10. Be2 h6 11. O-O Ba5 12. a3 Bc7 13. Ne4 Nxe4 14. Qxe4 f5 15. Qh4
Qxh4 16. Nxh4 e5 17. Bc3 g5 18. Nf3 Be6 19. b4 e4 20. Nd2 cxb4 21. axb4 Be5 22.
Bxe5 Nxe5 23. Rc1 Rfc8 24. f3 exf3 25. Bxf3 Rc7 26. Nb3 Nd3 27. Nd4 Bd7 28. Rb1
Re8 29. Rb3 Ne5 30. Bd5+ Kg7 31. Nxf5+ Bxf5 32. Rxf5 Nxc4 33. Rc3 b5 34. Bxc4
bxc4 35. Rc5 Rxc5 36. bxc5 Re4 37. c6 Re7 38. Rxc4 Rc7 39. Kf2 Kf6 40. Kf3 Ke5
41. Ra4 Kd5 42. Kg4 Kxc6 43. Kh5 Kb5 44. Ra2 a5 45. Kxh6 g4 46. Kg5 Rg7+ 47. Kf6
Rh7 48. e4 Rh6+ 49. Kf5 Rh5+ 50. Kxg4 Rxh2 51. e5 Rh8 52. e6 a4 53. Kf5 Rh5+ 54.
Kf4 Rh8 55. g4 Kb4 56. e7 Re8 57. Re2 a3 58. Kf5 1-0

[Event "Graz Casino Open 2014"]
[Site "Graz AUT"]
[Date "2014.02.16"]
[Round "3.7"]
[White "Felgaer, Ruben"]
[Black "Haznedaroglu, Kivanc"]
[Result "1/2-1/2"]
[WhiteTitle "GM"]
[BlackTitle "GM"]
[WhiteElo "2569"]
[BlackElo "2437"]
[WhiteFideId "107069"]
[BlackFideId "6300634"]
[EventDate "2014.02.14"]

1. e4 e5 2. Nf3 Nc6 3. Bb5 a6 4. Ba4 Nf6 5. O-O Be7 6. Re1 b5 7. Bb3 d6 8. c3
O-O 9. d4 Bg4 10. Be3 exd4 11. cxd4 d5 12. e5 Ne4 13. h3 Bh5 14. Nbd2 Nxd2 15.
Qxd2 Bxf3 16. Qc3 Qd7 17. Rec1 Nxd4 18. Bxd4 c5 19. Bxc5 Rac8 20. Qd4 Be4 21. f3
Bf5 22. a4 Rxc5 23. Rxc5 Bxc5 24. Qxc5 d4 25. axb5 Qxb5 26. Qxb5 axb5 27. Ra5
Bd3 28. Kf2 g5 29. Ra6 Bc4 30. Bd1 Re8 31. b3 Bd3 32. Rd6 Rxe5 33. Rxd4 Bf5 34.
Be2 Kf8 35. b4 Ke7 36. h4 h6 37. g3 Bd7 38. f4 gxf4 39. gxf4 Re6 40. Bd3 Rd6 41.
Ke3 Rxd4 42. Kxd4 Kd6 43. Be2 f6 44. Ke4 Kc6 45. Bh5 Kd6 46. Bf7 Ke7 47. Bg8 Kd6
48. Bh7 Bh3 49. Bg6 Bd7 50. Bh5 Kc6 51. Bf7 Kd6 52. Bg6 Kc6 53. Bf5 Be8 54. Be6
Bg6+ 55. Kf3 Kd6 56. Bb3 Bh5+ 57. Ke4 Bg6+ 58. Kd4 Be8 59. Bd1 Bc6 60. Be2 Bd7
61. Ke4 1/2-1/2

[Event "Graz Casino Open 2014"]
[Site "Graz AUT"]
[Date "2014.02.16"]
[Round "3.8"]
[White "Diermair, Andreas"]
[Black "Spindelboeck, Gernot"]
[Result "1/2-1/2"]
[WhiteTitle "IM"]
[WhiteElo "2459"]
[BlackElo "2253"]
[WhiteFideId "1612468"]
[BlackFideId "1604511"]
[EventDate "2014.02.14"]

1. Nf3 Nf6 2. c4 e6 3. g3 d5 4. Bg2 Be7 5. O-O O-O 6. d4 dxc4 7. Qa4 a6 8. Qxc4
b5 9. Qc2 Bb7 10. Bd2 Ra7 11. Rd1 Be4 12. Qc1 Nbd7 13. Bg5 c5 14. dxc5 Bxc5 15.
Nbd2 Qb6 16. e3 Bd5 17. Nb3 Be7 18. Rd4 h6 19. Bxf6 Bxf6 20. Rd2 Rc7 21. Qd1 Qb7
22. Rc1 Rxc1 23. Nxc1 Rc8 24. Nd3 Be4 25. Nfe1 Bxg2 26. Nxg2 Ne5 27. Nxe5 Bxe5
28. Rd8+ Rxd8 29. Qxd8+ Kh7 30. Qd3+ g6 31. b3 h5 32. Nf4 Bxf4 33. exf4 1/2-1/2

[Event "Graz Casino Open 2014"]
[Site "Graz AUT"]
[Date "2014.02.16"]
[Round "3.9"]
[White "Froewis, Georg"]
[Black "Horvath, Reka"]
[Result "1-0"]
[WhiteTitle "IM"]
[WhiteElo "2437"]
[BlackElo "2034"]
[WhiteFideId "1618423"]
[BlackFideId "724971"]
[EventDate "2014.02.14"]

1. e4 c5 2. Nf3 Nc6 3. Bb5 g6 4. Bxc6 dxc6 5. d3 Bg7 6. h3 Nf6 7. Nc3 c4 8. Be3
cxd3 9. cxd3 O-O 10. Qd2 Re8 11. d4 Be6 12. O-O Qd7 13. Rad1 Bc4 14. Rfe1 a5 15.
b3 Ba6 16. Bh6 b5 17. Bxg7 Kxg7 18. e5 Nd5 19. e6 fxe6 20. Ng5 e5 21. Nxd5 cxd5
22. Rxe5 e6 23. Rde1 Bc8 24. Nxe6+ Rxe6 25. Rxe6 Ra7 26. R6e5 Qf7 27. Qg5 1-0

[Event "Graz Casino Open 2014"]
[Site "Graz AUT"]
[Date "2014.02.16"]
[Round "3.10"]
[White "Kravanja, Georg"]
[Black "Baldauf, Marco"]
[Result "0-1"]
[BlackTitle "FM"]
[WhiteElo "2184"]
[BlackElo "2396"]
[WhiteFideId "1622366"]
[BlackFideId "4688210"]
[EventDate "2014.02.14"]

1. d4 Nf6 2. c4 e6 3. Nc3 c5 4. d5 exd5 5. cxd5 d6 6. e4 g6 7. Nge2 Bg7 8. Ng3
h5 9. Be2 h4 10. Nf1 h3 11. g3 a6 12. a4 Nbd7 13. Bg5 Qc7 14. Nd2 O-O 15. O-O
Re8 16. Be3 Ne5 17. f3 Bd7 18. g4 c4 19. a5 Bb5 20. Qe1 Nfd7 21. f4 Nd3 22. Bxd3
cxd3 23. Qf2 f5 24. gxf5 gxf5 25. Kh1 Nf6 26. Bb6 Qf7 27. Rg1 Ng4 28. Qg3 Bd7
29. Qxh3 Re7 30. Qf3 Qh5 31. Rg2 Rae8 32. Rag1 Kh8 33. exf5 Bxf5 34. Nce4 Rxe4
35. Nxe4 Bxe4 36. Qg3 d2 37. h3 Bf6 38. Qxg4 Qxg4 39. hxg4 Bxg2+ 40. Kxg2 Re1 0-1

[Event "Graz Casino Open 2014"]
[Site "Graz AUT"]
[Date "2014.02.16"]
[Round "3.11"]
[White "Danner, Georg"]
[Black "Wegerer, Fred"]
[Result "1-0"]
[WhiteTitle "IM"]
[BlackTitle "FM"]
[WhiteElo "2336"]
[BlackElo "2140"]
[WhiteFideId "1600303"]
[BlackFideId "1601113"]
[EventDate "2014.02.14"]

1. d4 Nf6 2. Nf3 d6 3. c4 c6 4. Nc3 Bf5 5. d5 Na6 6. Nd4 Bd7 7. g3 cxd5 8. cxd5
Qa5 9. Bg2 g6 10. O-O Bg7 11. Nb3 Qd8 12. Be3 h5 13. Bd4 Nc7 14. Qd3 h4 15. a4
Kf8 16. e4 Nce8 17. Nd2 hxg3 18. hxg3 Ng4 19. Nc4 Rh5 20. Rac1 b6 21. b3 Rb8 22.
Nb5 Bh6 23. f4 a6 24. Na7 b5 25. axb5 axb5 26. Ne3 Nxe3 27. Qxe3 e5 28. dxe6
fxe6 29. Qd3 Bg7 30. e5 dxe5 31. fxe5+ Rf5 32. g4 Rxf1+ 33. Rxf1+ Kg8 34. Qxg6
Qe7 35. Be4 Qh4 36. Kg2 Nd6 37. exd6 1-0

[Event "Graz Casino Open 2014"]
[Site "Graz AUT"]
[Date "2014.02.16"]
[Round "3.12"]
[White "Zimmermann, Heinz"]
[Black "Ohme, Melanie"]
[Result "1/2-1/2"]
[BlackTitle "WGM"]
[WhiteElo "2177"]
[BlackElo "2330"]
[WhiteFideId "1600559"]
[BlackFideId "4690745"]
[EventDate "2014.02.14"]

1. d4 Nf6 2. c4 g6 3. Nc3 Bg7 4. e4 d6 5. Bd3 O-O 6. Nge2 e5 7. d5 a5 8. O-O Na6
9. a3 Nh5 10. Be3 f5 11. exf5 gxf5 12. f4 Qe7 13. Qd2 Nc5 14. Bc2 b6 15. fxe5
dxe5 16. Bg5 Qd7 17. b3 Nb7 18. g4 fxg4 19. Qd3 Nf6 20. Ne4 Nc5 21. Nxc5 bxc5
22. Ng3 Ra6 23. Rae1 Re8 1/2-1/2

[Event "Graz Casino Open 2014"]
[Site "Graz AUT"]
[Date "2014.02.16"]
[Round "3.13"]
[White "Petschar, Kurt"]
[Black "Scholzen, Wolfgang"]
[Result "1-0"]
[WhiteTitle "FM"]
[WhiteElo "2317"]
[BlackElo "2127"]
[WhiteFideId "1600478"]
[BlackFideId "24637629"]
[EventDate "2014.02.14"]

1. c4 e6 2. Nf3 d5 3. d4 Nf6 4. g3 b6 5. Bg2 Bd6 6. O-O Nbd7 7. Nc3 Bb7 8. cxd5
exd5 9. Nb5 Be7 10. Bf4 O-O 11. Bxc7 Qe8 12. Nd6 1-0